000 01144cam a22003735a 4500
001 16947320
003 OSt
005 20140310181945.0
008 110903s1994 nyua j 000 1 eng d
010 _a 2011489796
020 _a0553481029 (pbk.)
020 _a0553481029
035 _a(OCoLC)ocm29526371
040 _aOCO
_cOCO
_dSLC
_dTCA
_dBAKER
_dBTCTA
_dDB$
_dDUNPL
_dDLC
042 _alccopycat
050 0 0 _aPZ 7
_b.St849 1994
082 0 4 _aKF
_bSt4sv #45
100 1 _aStewart, Molly Mia
_93767
245 1 0 _aElizabeth's piano lessons /
_cMolly Mia Stewart.
260 _aNew York :
_bBantam Books,
_cc1994.
300 _a71 p. :
_bill. ;
_c19 cm.
490 1 _aSweet Valley kids ;
_v45
541 _j1
541 _j2
562 _e2
650 0 _aFriendship
_vJuvenile fiction.
_93818
700 1 _aPascal, Francine.
_93767
700 1 _aHu, Ying-Hwa.
_93768
710 2 _aCopyright Paperback Collection (Library of Congress)
_5DLC
_9705
830 0 _aSweet Valley kids ;
_v45.
_93819
906 _a0
_bibc
_ccopycat
_d2
_encip
_f20
_gy-genrareb
942 _2lcc
_cBK-KF
_kKF
999 _c7757
_d7757